00425nam a2200157 4500001000700000003000900007005001700016007000300033008004100036100002600077245003900103260004100142300002200183505004100205852002100246111424ES-MaACL20230906185310.0t|061121s1913 bl r ||||1| por d1 aOliveira, Alberto de.10aPoesías / cAlberto de Oliveira. aRío de Janeiro : b[s.n.], c1913. a299 p. ; c18 cm.8 aContiene: Terceira serie (1904-1911) aES-MaACLjD-5153